|
|
|
|
| LEADER |
00993nam a2200253 a 4500 |
| 001 |
1733075 |
| 008 |
100112r19781975enk b 001 0 eng d |
| 010 |
|
|
|a 74012979
|
| 020 |
|
|
|a 0521205212
|
| 020 |
|
|
|a 0521099242
|
| 040 |
|
|
|a DLC
|c DLC
|d DLC
|d BD-DhAAL
|
| 082 |
0 |
0 |
|a 309.1/172/4
|
| 100 |
1 |
|
|a Goldthorpe, J. E.
|q (John Ernest)
|
| 245 |
1 |
4 |
|a The sociology of the Third World :
|b disparity and involvement /
|c J. E. Goldthorpe.
|
| 260 |
|
|
|a Cambridge [Eng.] ;
|a New York :
|b Cambridge University Press,
|c 1978.
|
| 300 |
|
|
|a ix, 325 p. ;
|c 23 cm.
|
| 504 |
|
|
|a Includes bibliographical references and index.
|
| 541 |
1 |
|
|e 00000209
|
| 650 |
|
0 |
|a Social history
|y 20th century.
|
| 650 |
|
0 |
|a Social policy.
|
| 651 |
|
0 |
|a Developing countries
|x Social conditions.
|
| 852 |
4 |
|
|a Ayesha Abed Library
|j General Shelf.
|
| 999 |
|
|
|c 6943
|d 6943
|
| 952 |
|
|
|0 0
|1 0
|2 ddc
|4 0
|6 309_117240000000000_GOL_1978
|7 0
|9 7176
|a BRACUL
|b BRACUL
|c GEN
|d 2010-01-13
|g 1628.00
|l 0
|o 309.11724 GOL
|p 3010000209
|r 2010-01-13
|t 1
|w 2010-01-13
|y BK
|